|
|
|
|
| LEADER |
00000cam a2200000 a 4500 |
| 001 |
42055 |
| 003 |
Ucuenca |
| 005 |
20230308154508.0 |
| 008 |
975121|1970 ec |||||r|||||||||||spa|| |
| 999 |
|
|
|c 1991
|d 1991
|
| 040 |
|
|
|b spa
|a UCuenca-CDRJBV
|c UCuenca
|e rda
|
| 041 |
0 |
|
|a es
|
| 041 |
1 |
|
|a en
|
| 082 |
0 |
|
|a 986.86
|
| 100 |
1 |
|
|a Rojas C., J. Heriberto.
|d 1917-2011
|9 46477
|
| 245 |
1 |
1 |
|a El castillo de Ingapirca
|c J. Heriberto Rojas C., traductor José Mercedes Palma M.
|h imp
|
| 246 |
|
1 |
|a The Castle of Ingapirca
|
| 264 |
|
|
|a Cuenca
|b Universidad de Cuenca
|c 1970
|
| 300 |
|
|
|a 31 páginas:
|b ilu
|c 19.5 cm
|
| 650 |
|
0 |
|a Castillo de ingapirca
|9 5551
|
| 650 |
|
0 |
|a Ingapirca
|9 2498
|
| 852 |
|
|
|a UC-CDJBV
|f Donación
|l 1
|m General
|p 19751211
|q 20,00
|r 2
|t 42055
|y 36237
|b 0
|d CDRC
|e CDRC
|g 724.186 SEGUNDO PISO
|z 1975-51-21
|
| 942 |
|
|
|c BK
|2 ddc
|z sergio.cajamarca@ucuenca.edu.ec
|